[Event "IND-chB 45th"]
[Site "Dindigul"]
[Date "2007.06.11"]
[Round "1"]
[White "Kulakarni, Rakesh"]
[Black "Saptarshi, Roy Chowdhury"]
[Result "0-1"]
[WhiteElo "2069"]
[BlackElo "2417"]
[PlyCount "56"]
[EventDate "2007.06.11"]
[EventType "swiss"]
[EventRounds "12"]
[EventCountry "IND"]
[SourceTitle "CBM 119 Extra"]
[Source "ChessBase"]
[SourceDate "2007.09.04"]
[SourceVersion "1"]
[SourceVersionDate "2007.09.04"]
[SourceQuality "1"]

1. d4 d5 2. c4 e5 3. dxe5 d4 4. Nf3 Nc6 5. Nbd2 Nge7 6. Nb3 Nf5 7. e4 Nh4 8. Nfxd4 Nxe5 9. f4 Bg4 10. Qc2 c5 11. Nb5 Nef3+ 12. gxf3 Nxf3+ 13. Kf2 Qh4+ 14. Ke3 0-0-0 15. Qf2 Qe7 16. Be2 g5 17. Qg3 h5 18. f5 Ne5 19. f6 Qe6 20. Na5 a6 21. Nc3 Bd6 22. Rd1 Nxc4+ 23. Bxc4 Bf4+ 24. Qxf4 gxf4+ 25. Kf2 Qxf6 26. Rxd8+ Rxd8 27. Ne2 Qh4+ 28. Kg1 Rd1+ 0-1